| 000 | 00954nmc a2200325 a 4500 | ||
|---|---|---|---|
| 003 | AR-BaBNM | ||
| 005 | 20251128202917.0 | ||
| 008 | 011101s1973 ||||||||||||||000 | spa|| | ||
| 020 | _a950-13-6060-1 | ||
| 040 | _cAR-BaBNM | ||
| 100 | 1 | _aSperb, Dalilla C. | |
| 245 | 1 | 0 |
_aEl currículo _bsu organización y el planeamiento del aprendizaje |
| 260 |
_aBuenos Aires _bKapelusz _c1973 |
||
| 300 |
_a351 p. _bil., gráfs. |
||
| 490 | 0 | _aBiblioteca de cultura pedagógica | |
| 504 | _aContiene referencias bibliografías | ||
| 650 | 4 | _aPLAN DE ESTUDIOS | |
| 650 | 4 | _aOBJETIVOS EDUCACIONALES | |
| 650 | 4 | _aSOCIALIZACION | |
| 650 | 4 | _aPLANIFICACION DE LA EDUCACION | |
| 650 | 4 | _aAPRENDIZAJE | |
| 650 | 4 | _aPAPEL DE LA COMUNIDAD | |
| 650 | 4 | _aDOCENTES | |
| 650 | 4 | _aPERFECCIONAMIENTO DEL DOCENTE | |
| 650 | 4 | _aFORMACION DE DOCENTES | |
| 650 | 4 | _aPROBLEMAS DISCIPLINARIOS | |
| 650 | 4 | _aCOMUNIDADES LOCALES | |
| 942 | _cBK | ||
| 998 | _cCarmen | ||
| 999 |
_c1155 _d1155 |
||